Discrete and Combinatorial Mathematics (Record no. 8460)

MARC details
000 -LEADER
fixed length control field 00424nam a22001337a 4500
008 - FIXED-LENGTH DATA ELEMENTS--GENERAL INFORMATION
fixed length control field 200219b ||||| |||| 00| 0 eng d
020 ## - INTERNATIONAL STANDARD BOOK NUMBER
International Standard Book Number 9788177584240
050 ## - LIBRARY OF CONGRESS CALL NUMBER
Item number 1
082 ## -
Classification number 510 GRD
100 ## - MAIN ENTRY--PERSONAL NAME
Personal name GRIMALDI, RALPH P. & RAMANA, B. V.
Name of part/section of a work 1026 pages
245 ## - TITLE STATEMENT
Title Discrete and Combinatorial Mathematics
Remainder of title An Applied Introduction
Medium English
Version 2018
250 ## - EDITION STATEMENT
Edition statement 5th
Remainder of edition statement 14th Impression, 2018
260 ## - PUBLICATION, DISTRIBUTION, ETC. (IMPRINT)
Place of publication, distribution, etc New Delhi
Name of publisher, distributor, etc Pearson Education
Holdings
Withdrawn status Lost status Source of classification or shelving scheme Damaged status Koha normalized classification for sorting Not for loan Koha collection Location (home branch) Sublocation or collection (holding branch) Date acquired Source of acquisition Currency Cost, normal purchase price Bill Number Koha issues (times borrowed) Koha full call number Piece designation (barcode) Koha date last seen Copy number Actual Cost, discounted price Bill Date Koha item type
    Dewey Decimal Classification   510_000000000000000_GRD   B.Tech(CSE) PIET C-LIBRARY PIET C-LIBRARY 19/02/2020 KIRTI PRAKASHAN NEW DELHI IN Rupees 949.00 IN5960   510 GRD 31636 19/02/2020 1 645.32 03/01/2020 Reference Books

Design & Developed by: PIET Central Library
R70 Miles Stone Pattikalyana Samalkha Panipat 132102
mail ID :- [email protected], Phone No:- 0180-2569700 Ex.216